000 00716cab a2200217 4500
001 ABS40429
008 090401t1989 xxu||||| |||| 00| 0 eng d
035 _a(Sirsi) u23785
041 _aeng
100 _aMcIntosh, S.
245 _aNorthern cities beat the credit squeeze
260 _c1989
350 _a0
490 _aEstates Times
_v(980) 3 February 1989, 13(1)
520 _aThe retail market in London and the South-East is feeling the effects of a reduction in consumer spending . Manchester and Glasgow , have yet to experience a down-turn as this article shows.
650 _aECONOMY
650 _aINTEREST RATES
690 _aPROPERTY-COMMERCIAL PROPERTY
942 _n0
948 _c04/03/1997
999 _c15924
_d15924